Wordt geladen...

Aadya kiranagal /

Bibliografische gegevens
Hoofdauteur: Parappurath
Formaat: Printed Book
Taal:Malayalam
Gepubliceerd in: S.P.C.S. , 1972.
LEADER 00386nam a2200133Ia 4500
008 150624b xxu||||| |||| 00| | mal d
100 |a Parappurath 
245 |c Parappurath  |a Aadya kiranagal / 
260 |b S.P.C.S. ,  |c 1972. 
300 |a 215 p. 
546 |a In Malayalam. 
942 |c BK 
999 |c 73757  |d 73757 
952 |0 1  |1 0  |4 0  |7 0  |9 73703  |a UL  |b UL  |c ST1  |d 1998-09-15  |l 0  |p 15620  |r 2012-10-27  |w 2012-10-27  |y BK